000 00717nam a2200229 i 4500
001 129085
003 ES-MaACL
005 20250918063034.0
007 t|
008 070605s1958 sp ||||1| spa d
080 _a569.9(04)
080 _a572.4(04)
100 1 _aTeilhard de Chardin, Pierre,
_d1881-1955
_9109521
245 1 3 _aLa aparición del hombre /
_cPierre Teilhard de Chardin ; prólogo de N.M. Wildiers ; [traducción Carmen Castro].
250 _a[1ª ed.].
260 _aMadrid :
_bTaurus,
_c[1958]
300 _a381 p. :
_bil. ;
_c21 cm.
700 1 _aWildiers, N. M.
_9116833
700 1 _aCastro, Carmen.
_936841
852 _aES-MaACL
_jC-17963
_bR.45356
999 _c129085
_d129085